Statistics for Bosnian things [pic]

Click here to take the quiz!

General Stats

  • This quiz has been taken 62 times
  • The average score is 6 of 16

Answer Stats

Answer% Correct
Ćevapi / ćevapčići
98%
Edin Džeko
80%
Stari Most / Mostar Bridge
65%
Winter Olympics
57%
Gavrilo Princip
53%
Srebrenica Memorial
53%
Tufahija
39%
Stećak
35%
Sebilj
29%
Vijećnica
20%
Shargia
16%
Bosnian pot
6%
football / soccer
6%
Kastel Fortress
4%
Emperor's Mosque
2%
Mehmed Paša Sokolović Bridge
0%

Score Distribution

Percentile by Number Answered

Percent of People with Each Score

Your Score History

You have not taken this quiz